| 000 | 00957nam a22002537a 4500 | ||
|---|---|---|---|
| 999 |
_c12083 _d12083 |
||
| 003 | AR-CdUCM | ||
| 008 | 190405b ||||| |||| 00| 0 spa d | ||
| 040 |
_aMUNICIPALIDAD PROVINCIAL DEL CUSCO _cBIBLIOTECA MUNICIPAL DEL CUSCO |
||
| 082 |
_a015.85 / _bB3 /1954 |
||
| 110 |
_aBiblioteca Nacional del Perú _9732 |
||
| 245 | _aAnuario bibliográfico peruano de 1949 - 1950 / | ||
| 260 |
_aLima : _bEdiciones de la Biblioteca Nacional, _c1954. |
||
| 300 |
_a427 paginas ; _c25 cm. |
||
| 440 |
_aEdiciones de la Biblioteca Nacional _nIX _929763 |
||
| 505 | _aContenido: Filosofía -- Legislación y estudios jurídicos -- Geografías y viajes -- Sociología y política --- Historia... | ||
| 650 |
_aHistoria local _929761 |
||
| 650 |
_aCronistas de la conquista _929762 |
||
| 650 |
_aLegislacion _96380 |
||
| 650 |
_aDerecho _9739 |
||
| 650 |
_aEconomía _9382 |
||
| 700 |
_aTauro, Alberto _911692 |
||
| 942 |
_2ddc _cLIBROS |
||
| 945 |
_awnts _d2019-04-05 |
||